000 00511nam a2200181Ia 4500
005 20250508150301.0
008 008 250505s9999 xx 000 0 eng d
037 _aTextual
040 _aFEDL
_beng
_cFEDL
041 _aeng
_2eng
084 _a954.03, RAW
_qFEDL
100 _aRawlinson H G
245 0 _aBritish achievement in India: A survey
260 _aLondon, UK
_bWilliam Hodge and Company, Ltd.
_c1948
300 _a248p.
942 _cTEXL
_h954.03, RAW
999 _c1322806
_d1322806